000 00249nam a22000977a 4500
100 _aAggarwal, Mohit
_980681
245 _aChina's Expansionist Policy in Asia and Africa
260 _aDelhi
_bLenin Media
_c2015
650 _aPolitics
_980682
942 _cBK
999 _c63968
_d63968